000 00584nam#a2200205#c#4500
003 IEF
005 20180219155337.0
008 950601s1976 uuu####fr####| 0||u| |u
040 _aIEF
100 1 _aPavón Morote, Julián
_934537
245 _aLa Empresa Industrial española en los proximos quince años (1976-1990)
260 _aMadrid
_b Instituto Nacional de Racionalización y Normalización
_c1976
300 _a420 p.
_c24 cm.
650 4 _aEMPRESAS
_943504
650 4 _aESPAÑA
_941092
650 4 _aINDUSTRIA
_947463
942 _cLIB
942 _z52730
999 _c47905
_d47905